Logique - Mort Subite #6 - Statistiques

Statistiques générales
  • Ce quiz a été pris 134 fois
  • Le résultat moyen est 4 sur 21
Answers on the Grid
Answers color-coded by a green-red scale on the quiz's grid according to % correct below.
Frustrante
Parc
Laiton
Braséro
Saison
Ressent
Poule
Peu d'écart entre nous
Jerada
Oulan-Bator
Cinque Terre
Constantine
Bronze
Chine
Appendice
Bide
Mouille
Saucisse
Katrina Law
Lili
Privas
Étroit
Cric
Plouf
Suite
Plerneuf
Hurle
Ce n'est qu'un zèbre
Douz
Bovin
Tamil Nadu
Orléans
Cassette
Internet
Guili
Très envieux
 
Statistiques - réponses
Réponse % Correct
Saison
46%
Frustrante
35%
Internet
27%
Saucisse
27%
Plerneuf
23%
Tamil Nadu
23%
Appendice
19%
Bovin
19%
Braséro
19%
Bronze
19%
Cassette
19%
Ce n'est qu'un zèbre
19%
Étroit
19%
Très envieux
19%
Bide
15%
Cinque Terre
15%
Douz
15%
Katrina Law
15%
Peu d'écart entre nous
15%
Ressent
15%
Suite
15%
Aucun quiz correspondant
Distribution des résultats
% des personnes avec chaque résultat
Percentile par nombre de réponses
Votre historique - résultats
Vous n’avez pas pris ce quiz